00000000nas 2200000za 4500
0019.502663
003CaOODSP
00520240209132609
007cr |||||||||||
008150406d19982009xxc|| p o||||f|   |0fre|d
022 |a1495-9747
040 |aCaOODSP|bfre
043 |an-cn---
0861 |aAC2-1F-PDF
24500|aPlan d'action axé sur les résultats ... : |bmise en oeuvre de l'article 41 de la Loi sur les langues officielles.
2461 |iTitre alternatif : |aPlan d'action : mise en oeuvre de l'article 41 de la Loi sur les langues officielles
264 1|aMoncton, Nouveau-Brunswick : |bAgence de promotion économique du Canada atlantique
310 |aBiennal
3621 |aParaît depuis [1996/1998?]; ne paraît plus après 2006/2009.
69107|aLangue officielle|2gcpds
69107|aPolitique linguistique|2gcpds
7102 |aAgence de promotion économique du Canada atlantique, |eorganisme de publication.
77508|tResults-based action plan ... for the implementation of Section 41 of the Official Languages Act |w(CaOODSP)9.506268